Statistics for Five Least Literate Countries by Continent

Click here to take the quiz!

General Stats

  • This quiz has been taken 28 times
  • The average score is 21 of 30

Answer Stats

ContinentRateAnswer% Correct
Africa19.10%Niger
93%
South America92.59%Brazil
89%
South America94.58%Colombia
85%
North America82.78%Belize
81%
South America94.52%Ecuador
81%
North America87.65%El Salvador
81%
South America94.37%Peru
81%
South America87.54%Guyana
78%
North America60.69%Haiti
78%
Africa33.07%Mali
78%
North America79.07%Guatemala
74%
Oceania99.00%New Zealand
74%
North America82.47%Nicaragua
74%
Europe97.55%Albania
70%
Oceania63.43%Papua New Guinea
70%
Africa36.75%Central African Republic
67%
Africa31.98%South Sudan
67%
Oceania85.06%Vanuatu
67%
Asia38.17%Afghanistan
63%
Asia61.49%Bangladesh
63%
Asia63.91%Bhutan
63%
Europe95.29%Greece
63%
Asia64.66%Nepal
63%
Asia56.44%Pakistan
63%
Oceania84.10%Solomon Islands
63%
Europe94.07%Malta
59%
Oceania98.27%Marshall Islands
59%
Africa30.47%Guinea
48%
Europe95.43%Portugal
48%
Europe96.00%San Marino
33%

Score Distribution

Percentile by Number Answered

Percent of People with Each Score

Your Score History

You have not taken this quiz